| 000 | 00379nam a2200145Ia 4500 | ||
|---|---|---|---|
| 008 | 240624s9999 xx 000 0 und d | ||
| 041 | _aeng | ||
| 082 | _a005.74 RRO | ||
| 100 | _aKROENKE DAVID M | ||
| 245 | _aDATABASE PROCESSING FUNDAMENTALS DESIGN | ||
| 250 | _a(8th ed.) | ||
| 260 |
_c2002 _aNew Delhi _bPrentice-Hall of India |
||
| 300 | _axv, : 671 : cm. ; 28 | ||
| 365 | _cRS | ||
| 999 |
_c2128 _d2128 |
||